Statistieken voor Districten van Antwerpen

Klik hier om de quiz te nemen!

Algemene statistieken

  • Deze quiz is 210 keer genomen
  • De gemiddelde score is 7 van 9

Antwoordstatistieken

Antwoord% Correct
Antwerpen
89%
Borgerhout
81%
Deurne
81%
Hoboken
78%
Berchem
77%
Merksem
72%
Ekeren
66%
Wilrijk
66%
Berendrecht - Zandvliet- Lillo
55%

Scoreverdeling

Percentiel versus Aantal Correcte Antwoorden

Procent van Mensen met Elke Score

Uw Scoregeschiedenis

U heeft deze quiz nog niet genomen